The summons (Record no. 1170)

MARC details
000 -LEADER
fixed length control field 00522nam a2200217 a 4500
005 - DATE AND TIME OF LATEST TRANSACTION
control field 20260322212049.0
008 - FIXED-LENGTH DATA ELEMENTS--GENERAL INFORMATION
fixed length control field data
010 ## - LIBRARY OF CONGRESS CONTROL NUMBER
LC control number 20-01058185
020 ## - INTERNATIONAL STANDARD BOOK NUMBER
International Standard Book Number 0440241073
020 ## - INTERNATIONAL STANDARD BOOK NUMBER
International Standard Book Number 9780440241072
040 ## - CATALOGING SOURCE
Original cataloging agency Donation
099 ## - LOCAL FREE-TEXT CALL NUMBER (OCLC)
Classification number GRISHJ
001 - CONTROL NUMBER
control field data
100 1# - MAIN ENTRY--PERSONAL NAME
Personal name Grisham, John.
245 14 - TITLE STATEMENT
Title The summons
Statement of responsibility, etc. John Grisham.
250 ## - EDITION STATEMENT
Edition statement 1st ed.
260 ## - PUBLICATION, DISTRIBUTION, ETC.
Place of publication, distribution, etc. New York
Name of publisher, distributor, etc. Bantam Dell, a division of Random House
Date of publication, distribution, etc. c2002
300 ## - PHYSICAL DESCRIPTION
Extent 341 p. ;
Dimensions 25 cm.
650 #4 - SUBJECT ADDED ENTRY--TOPICAL TERM
Topical term or geographic name entry element Legal stories.
650 02 - SUBJECT ADDED ENTRY--TOPICAL TERM
Topical term or geographic name entry element Mississippi
Form subdivision fiction
Holdings
Withdrawn status Lost status Damaged status Not for loan Home library Current library Shelving location Date acquired Total checkouts Full call number Barcode Date last seen Price effective from Koha item type
        Liberty Liberty General stacks 22/03/2026   GEN BC0011208 22/03/2026 22/03/2026 Books